|
|
|
|
| LEADER |
04307nam a22003973i 4500 |
| 001 |
EBC7101216 |
| 003 |
MiAaPQ |
| 005 |
20240729202204.0 |
| 006 |
m o d | |
| 007 |
cr cnu|||||||| |
| 008 |
240729s2014 xx o ||||0 ger d |
| 020 |
|
|
|a 9783428572762
|q (electronic bk.)
|
| 020 |
|
|
|z 9783428172764
|
| 035 |
|
|
|a (MiAaPQ)EBC7101216
|
| 035 |
|
|
|a (Au-PeEL)EBL7101216
|
| 035 |
|
|
|a (OCoLC)1347026469
|
| 040 |
|
|
|a MiAaPQ
|b eng
|e rda
|e pn
|c MiAaPQ
|d MiAaPQ
|
| 100 |
1 |
|
|a Eheberg, Karl Theodor.
|
| 245 |
1 |
0 |
|a Agrarische Zustände in Italien :
|b Auf Grund der Jüngsten Enquête und Anderer Offizieller Quellen Dargestellt. (Schriften des Vereins Für Socialpolitik XXIX).
|
| 250 |
|
|
|a 1st ed.
|
| 264 |
|
1 |
|a Berlin :
|b Duncker & Humblot,
|c 2014.
|
| 264 |
|
4 |
|c {copy}1886.
|
| 300 |
|
|
|a 1 online resource (169 pages)
|
| 336 |
|
|
|a text
|b txt
|2 rdacontent
|
| 337 |
|
|
|a computer
|b c
|2 rdamedia
|
| 338 |
|
|
|a online resource
|b cr
|2 rdacarrier
|
| 490 |
1 |
|
|a Duncker and Humblot Reprints Series
|
| 505 |
0 |
|
|a Intro -- Vorwort. -- Inhalt. -- Einteilung. -- 1. Die offizielle Enquete über die Lage der Landwirtschaft und der bäuerlichen Klassen in Italien vom 15. März 1877. -- 2. Anderweitige Enqueten und die Litteratur über die allgemeinen landwirthschaftlichen Verhältnisse. -- Erstes Kapitel. Allgemeine natürliche und landwirthschaftliche Verhältnisse. -- Zweites Kapitel. Die Zweige der landwirthschaftlichen Produktion. -- A. Die Landwirthschaft im engern Sinne. -- 1. Der Getreidebau. -- 1. Weizen, Gerste, Roggen, Hafer. -- 2. Mais und Reis. -- 2. Der Bau von Gemüsen und Knollengewächsen. -- 3. Der Weinbau und die Weinbereitung. -- 4. Der Olivenbau und die Oelbereitung. -- 5. Die Kultur der Sauerfrüchte. -- 6. Die Kultur der Kastanien und Mandeln. -- 7. Die Kultur anderer Fruchtbäume, die Obstbaumzucht und der Handel mit präparirten Früchten. -- 8. Die Industriepflanzen und deren Verarbeitung. -- Anhang: Pflanzenkrankheiten. -- B. Die Thierzucht. -- 1. Heugewinnung, Futterbau und Weidewirthschaft. -- 1. Natürliche und künstliche Wiesen und eigentlicher Futterbau. -- 2. Die Vieh- und Pferdehaltung. -- 3. Seidenraupen-, Bienen- Geflügel- und Kaninchenzucht. -- 4. Mit der Thierzucht zusammenhängende Produkte und Industrien. -- Anhang: Thierkrankheiten. -- C. Der Landwirthschaft verwandte Produktionszweige. -- 1. Der Gartenbau. -- 2. Die Forstwirthschaft. -- 3. Jagd und Fischfangs. -- Drittes Kapitel. Die landwirthschaftlichen Gebäude, Geräthe und Maschinen und die Hülfs- und Förderungsmittel des landwirthschaftlichen Betriebes. -- 1. Die landwirthschaftlichen Gebäude. -- 2. Geräthe und Maschinen. -- 3. Die Düngung. -- 4. Die Ent- und Bewässerungsanlagen. -- 5. Das Wegewesen. -- Viertes Kapitel. Die Vertheilung des Grundeigenthums. -- 1. Statistik der Eigenthumsvertheilung.
|
| 505 |
8 |
|
|a 2. Großes, mittleres und kleines Privateigenthum und die thatsächlichen Besitzverhältnisse. -- 3. Die Gründe der Zerstückelung des Grundeigenthums. -- 4. Staats- und Kirchengüter und die Gemeindegründe. -- Fünftes Kapitel. Die Belastung des Grundeigenthums. -- 1. Die Steuern. -- 2. Der landwirthschaftliche Kredit. -- 3. Anderweitige Lasten. -- Sechstes Kapitel. Die Rentabilität der Landwirthschaft. -- Siebentes Kapitel. Die landwirthschaftliche Bevölkerung. -- 1. Allgemeine Uebersicht. -- 2. Die Gruppen der landwirthschaftlichen Bevölkerung. -- 1. Die Pächter. -- 2. DerTheilbau. -- 3. Die Eigenthümer. -- 4. Die bäuerlichen Taglöhner. -- Achtes Kapitel. Der Physische, intellektuelle und moralische Zustand der landwirthschaftlichen Bevölkerung. -- Schlußwort.
|
| 588 |
|
|
|a Description based on publisher supplied metadata and other sources.
|
| 590 |
|
|
|a Electronic reproduction. Ann Arbor, Michigan : ProQuest Ebook Central, 2024. Available via World Wide Web. Access may be limited to ProQuest Ebook Central affiliated libraries.
|
| 655 |
|
4 |
|a Electronic books.
|
| 776 |
0 |
8 |
|i Print version:
|a Eheberg, Karl Theodor
|t Agrarische Zustände in Italien
|d Berlin : Duncker & Humblot,c2014
|z 9783428172764
|
| 797 |
2 |
|
|a ProQuest (Firm)
|
| 830 |
|
0 |
|a Duncker and Humblot Reprints Series
|
| 856 |
4 |
0 |
|u https://ebookcentral.proquest.com/lib/matrademy/detail.action?docID=7101216
|z Click to View
|